Early Christianity in contexts : an exploration across cultures and continents /

Bibliographic Details
Corporate Author: ebrary, Inc
Other Authors: Tabbernee, William, 1944- (Editor)
Format: eBook
Language:English
Published: Grand Rapids, Michigan : Baker Academic, [2014]
Subjects:
Online Access:Connect to the full text of this electronic book

MARC

Tag First Indicator Second Indicator Subfields
LEADER 00000cam a2200000Ii 4500
001 in00003519613
006 m o d
007 cr cnu---unuuu
008 141124s2014 miu ob 001 0 eng d
005 20250816212345.6
020 |a 9781441248312  |q electronic bk. 
020 |a 1441248315  |q electronic bk. 
020 |z 9780801031267 
020 |z 0801031265 
035 |a (NhCcYBP)ebr10989971 
040 |a NhCcYBP  |c NhCcYBP  |d UtOrBLW 
050 4 |a BR145.3  |b .E23 2014 
072 7 |a REL  |x 108020  |2 bisacsh 
072 7 |a REL  |x 015000  |2 bisacsh 
082 0 4 |a 270.1  |2 23 
245 0 0 |a Early Christianity in contexts :  |b an exploration across cultures and continents /  |c edited by William Tabbernee. 
264 1 |a Grand Rapids, Michigan :  |b Baker Academic,  |c [2014] 
264 4 |c ©2014 
300 |a 1 online resource. 
336 |a text  |b txt  |2 rdacontent 
337 |a computer  |b c  |2 rdamedia 
338 |a online resource  |b cr  |2 rdacarrier 
588 0 |a Print version record. 
504 |a Includes bibliographical references and index. 
500 |a Electronic resource. 
650 0 |a Church history  |y Primitive and early church, ca. 30-600. 
650 0 |a Church history  |y Middle Ages, 600-1500. 
655 7 |a Electronic books.  |2 local 
700 1 |a Tabbernee, William,  |d 1944-  |e editor. 
710 2 |a ebrary, Inc. 
776 1 8 |i Print version:  |t Early Christianity in contexts  |z 9780801031267  |w (DLC) 2014020859 
856 4 1 |u https://ebookcentral.proquest.com/lib/tamucs/detail.action?docID=3117505  |y Connect to the full text of this electronic book  |t 0 
955 |a YBP purchased approval e-records 
980 |b 42.99  |g 1 
999 f f |s af534f91-976a-3e33-a38a-b4809bfda8dd  |i a01eee98-92dc-3184-a100-c77a1d2e12ec  |t 0 
999 |a MARS 
952 f f |a Texas A&M University  |b College Station  |c Electronic Resources  |d Available Online  |t 0  |e BR145.3 .E23 2014  |h Library of Congress classification 
998 f f |a BR145.3 .E23 2014  |t 0  |l Available Online